| 000 | 00749nmc a2200289 a 4500 | ||
|---|---|---|---|
| 003 | AR-BaBNM | ||
| 005 | 20251128210956.0 | ||
| 008 | 062020s2001 ||||||||||||||000 | spa|| | ||
| 020 | _a84-249-2552-1 | ||
| 040 | _cAR-BaBNM | ||
| 100 | 1 | _aOvidio Nason, Publio | |
| 245 | 1 | 0 |
_aCartas a las heroínas _b; Ibis |
| 260 |
_aMadrid _bGredos _c2001 |
||
| 300 | 0 | _a232 p. | |
| 490 | 0 |
_aBiblioteca básica Gredos _vv. 69 |
|
| 650 | 4 | _aMITOLOGIA | |
| 650 | 4 | _aLITERATURA LATINA | |
| 650 | 4 | _aPOESIAS | |
| 650 | 4 | _aCORRESPONDENCIA | |
| 653 | 0 | _aPOESIA EROTICA | |
| 653 | 0 | _aALEJANDRINISMO | |
| 655 | _aLITERATURA | ||
| 700 | 1 |
_aPérez Vega, Ana _etraductor |
|
| 740 | 0 |
_aIbis _aIbis _aIbis _aIbis _aIbis _aIbis |
|
| 942 | _cBK | ||
| 998 | _cmartín | ||
| 999 |
_c17717 _d17717 |
||